000 005300000a22001810004500
003 MACL
005 20160501144338.0
008 160501b xxu||||| |||| 00| 0 eng d
040 _aMACL
_cMACL
041 _aHindi
082 _a800 SHA
100 _aशाह, रमेशचन्‍द्र
_952061
245 _aपढते पढते
260 _bपूर्वोदय प्रकाशन
_c1989
_aनई दिल्‍ली
350 _a60
650 _aLiterature
_954802
942 _cHIN
_k800/SHA/L
_2ddc
999 _c20716
_d20716